Top 20 Goalscorers at the CONCACAF Gold Cup - Statistics

General Stats
  • This quiz has been taken 12 times
  • The average score is 9 of 20
Answer Stats
Nation Tournaments Scored At Goals Player % Correct
USA 2005, 2007, 2011, 2015, 2017 13 Clint Dempsey
100%
Mexico 2011 7 Javier Hernandez
100%
USA 2002, 2003, 2005, 2007, 2011, 2013 18 Landon Donovan
100%
Mexico 2007, 2011, 2015, 2019 12 Andres Guardado
67%
Guatemala 2003, 2005, 2007, 2011, 2015 8 Carlos Ruiz
67%
Mexico 1991, 1993 12 Luis Roberto Alves
56%
Costa Rica 1998, 2000, 2002 8 Paulo Wanchope
56%
USA 2000, 2002, 2003 8 Brian McBride
44%
Mexico 2013, 2019 7 Raul Jimenez
44%
Honduras 2007, 2009, 2011 8 Carlo Costly
33%
Honduras 1998, 2000, 2007 9 Carlos Pavon
33%
Panama 2013, 2017, 2019 8 Gabriel Torres
33%
Mexico 2003, 2005, 2007 7 Jared Borgetti
33%
Panama 2007, 2009, 2011, 2013, 2015 11 Blas Perez
22%
USA 1991, 1993, 1996, 1998, 2000 9 Eric Wynalda
22%
Panama 2005, 2009, 2011, 2015 10 Luis Tejada
22%
Honduras 1991, 1993 7 Eduardo Bennett
11%
USA 2023 7 Jesus Ferreira
11%
El Salvador 2011, 2013, 2017 9 Rodolfo Zelaya
11%
Costa Rica 2002, 2003, 2007, 2009 9 Walter Centeno
11%
No matching quizzes found
Score Distribution
Percent of People with Each Score
Percentile by Number Answered
Your Score History
You have not taken this quiz